Histoire de la littérature italienne (Record no. 53458)

MARC details
000 -LEADER
campo de control de longitud fija 00714nam a22002175i 4500
001 - NÚMERO DE CONTROL
campo de control 53458
003 - IDENTIFICADOR DE NÚMERO DE CONTROL
campo de control ES-MaACL
005 - FECHA Y HORA DE LA ÚLTIMA TRANSACCIÓN
campo de control 20251015063100.0
007 - CAMPO FIJO DE DESCRIPCIÓN FÍSICA--INFORMACIÓN GENERAL
campo de control de longitud fija t|
008 - DATOS DE LONGITUD FIJA--INFORMACIÓN GENERAL
campo de control de longitud fija 950928s1875 fr ||||1| fre d
040 ## - FUENTE DE CATALOGACIÓN
Centro catalogador/agencia de origen CAM
Lengua de catalogación spa
Centro/agencia transcriptor CAM
100 1# - ENTRADA PRINCIPAL--NOMBRE DE PERSONA
Nombre de persona Etienne, Louis,
Fechas asociadas al nombre 1799-1885
9 (RLIN) 126981
245 10 - MENCIÓN DEL TÍTULO
Título Histoire de la littérature italienne
Resto del título : depuis ses origines jusqu'a nos jours /
Mención de responsabilidad, etc. par L. Etienne.
260 ## - PUBLICACIÓN, DISTRIBUCIÓN, ETC.
Lugar de publicación, distribución, etc. Paris :
Nombre del editor, distribuidor, etc. Hachette et Cie.,
Fecha de publicación, distribución, etc. 1875 (
Fabricante Lahure)
300 ## - DESCRIPCIÓN FÍSICA
Extensión X, 608 p. ;
Dimensiones 18 cm.
490 1# - MENCIÓN DE SERIE
Mención de serie Histoire universelle
650 #4 - PUNTO DE ACCESO ADICIONAL DE MATERIA--TÉRMINO DE MATERIA
Término de materia o nombre geográfico como elemento de entrada Literatura italiana-
Subdivisión general Historia y crítica.
9 (RLIN) 14631
830 00 - PUNTO DE ACCESO ADICIONAL DE SERIE-TÍTULO UNIFORME
Título uniforme Histoire universelle
9 (RLIN) 182495
852 ## - LOCALIZACIÓN
Ubicación ES-MaACL
Número de control de estantería G-15312
Holdings
Estatus retirado Estado de pérdida Estado de daño No para préstamo Colección Biblioteca de origen Biblioteca actual Ubicación en estantería Fecha de adquisición Fuente de adquisición Total de préstamos Signatura topográfica completa Código de barras Visto por última vez Precio de reemplazo Tipo de ítem Koha
        Libros del s. XIX Biblioteca del Ateneo de Madrid Biblioteca del Ateneo de Madrid Sala Pecera Planta 3 17/01/2008     G-15312 1056173 23/02/2023 23/02/2023 Libro impreso antiguo